The development of groundwater resources with special reference to deltaic areas : (Record no. 43789)
[ view plain ]
| 000 -LEADER | |
|---|---|
| fixed length control field | 01278nam a2200277 a 4500 |
| 001 - CONTROL NUMBER | |
| control field | 43789 |
| 003 - CONTROL NUMBER IDENTIFIER | |
| rucl marc code | BD-RjUL |
| 005 - DATE AND TIME OF LATEST TRANSACTION | |
| control field | 20211209053743.0 |
| 008 - FIXED-LENGTH DATA ELEMENTS--GENERAL INFORMATION | |
| fixed length control field | 160627s1963 nyuab b i100 0 eng d |
| 035 ## - SYSTEM CONTROL NUMBER | |
| System control number | (BD-RjUL)43907 |
| 040 ## - CATALOGING SOURCE | |
| Original cataloging agency | FWA |
| Transcribing agency | FWA |
| Modifying agency | OCL |
| -- | XQM |
| -- | NLGGC |
| -- | BD-RjUL |
| Language of cataloging | eng |
| 041 ## - LANGUAGE CODE | |
| Language code of text/sound track or separate title | eng |
| 082 ## - DEWEY DECIMAL CLASSIFICATION NUMBER | |
| Edition number | 23 |
| Classification number | 333.91 |
| Author mark and year | DEV 1963 |
| 111 2# - MAIN ENTRY--MEETING NAME | |
| Meeting name or jurisdiction name as entry element | Regional Seminar on the Development of Groundwater Resources with Special Reference to Deltaic Areas |
| Date of meeting | (1962 : |
| Location of meeting | Bangkok, Thailand) |
| 9 (RLIN) | 134593 |
| 245 14 - TITLE STATEMENT | |
| Title | The development of groundwater resources with special reference to deltaic areas : |
| Remainder of title | (transactions of the Regional Seminar ... held at Bangkok, Thailand, from 24 April to 8 May 1962) / |
| 260 ## - PUBLICATION, DISTRIBUTION, ETC. (IMPRINT) | |
| Place of publication, distribution, etc. | New York : |
| Name of publisher, distributor, etc. | United Nations, |
| Date of publication, distribution, etc. | 1963. |
| 300 ## - PHYSICAL DESCRIPTION | |
| Pagination | viii, 244 p. : |
| Illustrations | ill. ; |
| Size | 28 cm. |
| 490 1# - SERIES STATEMENT | |
| Series statement | Water resources series ; |
| Volume/sequential designation | no. 24 |
| 500 ## - GENERAL NOTE | |
| General note | "United Nations Publication. Sales no. 64.II.F.5." |
| General note | "Convened jointly by ECAFE, UNESCO and the United Nations Bureau of Technical Assistance Operations." |
| 504 ## - BIBLIOGRAPHY, ETC. NOTE | |
| Bibliography, etc | Includes bibliographical references. |
| 650 #0 - SUBJECT ADDED ENTRY--TOPICAL TERM | |
| Topical term or geographic name as entry element | Water resources development. |
| 9 (RLIN) | 134591 |
| 710 2# - ADDED ENTRY--CORPORATE NAME | |
| Corporate name or jurisdiction name as entry element | United Nations. |
| Subordinate unit | Economic Commission for Asia and the Far East. |
| 9 (RLIN) | 134592 |
| 830 #0 - SERIES ADDED ENTRY--UNIFORM TITLE | |
| Uniform title | Water resources series |
| Volume number/sequential designation | no.24 |
| 942 ## - ADDED ENTRY ELEMENTS (KOHA) | |
| Source of classification or shelving scheme | Dewey Decimal Classification |
| Koha item type | Books |
| Lost status | Source of classification or shelving scheme | Damaged status | Not for loan | Collection code | Permanent Location | Current Location | Shelving location | Date acquired | Source of acquisition | Total Checkouts | Full call number | Date last seen | Copy number | Koha item type |
|---|---|---|---|---|---|---|---|---|---|---|---|---|---|---|
| Dewey Decimal Classification | Non-fiction | Central Library, University of Rajshahi | Central Library, University of Rajshahi | 19/09/1970 | Zeittenger | 333.91 DEV 1963 | 27/06/2016 | C-2 | Books |